000 00680cam a22002414a 4500
008
020 _a9780702029820 (pbk.)
049 _aMAIN
090 0 _aR895
_bGUI
245 0 2 _aA guide to radiological procedures /
_cedited by Frances Aitchison.
250 _a5th ed.
260 _aEdinburgh :
_bSaunders,
_c2009.
300 _axiv, 398 p. :
_bill. ;
_c22 cm.
650 2 _aRadiography.
650 2 _aTechnology, Radiologic.
650 0 _aRadiology, Medical.
700 1 _aAitchison, Frances.
907 _a.b10298022
_b30-05-13
_c08-06-11
003
005 20230120204103.0
040 _cNUST
942 _cBOOKS
_kR895
_mGUI
999 _c116876
_d116876